00574nam a2200181Ia 450000500170000000800410001704000190005804100120007708200200008910000200010924500830012926000340021230000200024650400190026665000550028565100420034085000100038220230309104020.0131103s9999 xx 000 0 und d aLoreto College aEnglish a822.33bSHA-FAR aFarnham,Willard 4aThe Shakespearean grotesqueb its genesis and transformation cWillard Farnham aOxfordbClarendon Pressc1971 ax,175 p.b ill. aIncludes index aShakespeare,William - Criticism and Interpretation aEnglish Drama - History and Criticism aLCLIB